[Event "Benidorm 2003 - sub2300"]
[Site "Benidorm ESP"]
[Date "2003.11.26"]
[Round "7.76"]
[White "Costa Costa, Enrique"]
[Black "Larios Crespo, Manuel"]
[Result "0-1"]
[WhiteElo "2035"]
[BlackElo "2122"]
[PlyCount "78"]
[EventDate "2003.11.21"]
[EventType "swiss"]
[EventRounds "9"]
[EventCountry "ESP"]
[Source "lmi"]
[SourceDate "2003.11.21"]

1. d4 Nf6 2. Bf4 c5 3. e3 d5 4. c3 Qb6 5. Qb3 Nc6 6. Nd2 Bf5 7. Qxb6 axb6 8.
Bc7 cxd4 9. exd4 Rc8 10. Bxb6 Nd7 11. Bc5 Nxc5 12. dxc5 e5 13. Nb3 Bc2 14. Bb5
Bxb3 15. axb3 Bxc5 16. Nf3 e4 17. Ne5 Ke7 18. b4 Bd6 19. Bxc6 bxc6 20. Ra7+ Kf6
21. Ng4+ Ke6 22. O-O c5 23. bxc5 Rxc5 24. Re1 Rb8 25. Ra2 f5 26. Ne3 Rb6 27.
Nc2 Be5 28. Rd1 Rcb5 29. Nb4 Bd6 30. Nc2 Rxb2 31. Nd4+ Kf6 32. Rxb2 Rxb2 33.
Ra1 Rb6 34. g3 Be5 35. Ne2 g5 36. Ra8 f4 37. Rf8+ Ke7 38. Rf5 Rb1+ 39. Kg2 f3+
0-1

[Event "Benidorm 2003 - sub2300"]
[Site "Benidorm ESP"]
[Date "2003.11.26"]
[Round "7.77"]
[White "Reves Balleste, Jose"]
[Black "Ferrer Berenguer, Ligorio"]
[Result "0-1"]
[WhiteElo "2045"]
[BlackElo "2112"]
[PlyCount "82"]
[EventDate "2003.11.21"]
[EventType "swiss"]
[EventRounds "9"]
[EventCountry "ESP"]
[Source "lmi"]
[SourceDate "2003.11.21"]

1. e4 c5 2. c4 Nc6 3. d3 g6 4. Nc3 Bg7 5. g3 d6 6. Bg2 e5 7. Nge2 Nge7 8. f4
Bg4 9. h3 Bxe2 10. Qxe2 Nd4 11. Qd1 f5 12. O-O Qd7 13. Be3 O-O 14. Qd2 Rae8 15.
Rab1 Nec6 16. Nd5 a5 17. Kh2 Qd8 18. b3 Ne7 19. Nc3 b6 20. Rbe1 Nec6 21. exf5
gxf5 22. Nd5 Kh8 23. fxe5 dxe5 24. Bg5 Qb8 25. Bh6 Re6 26. Bxg7+ Kxg7 27. Rg1
Rg6 28. Bh1 Kh8 29. Ref1 Rfg8 30. Qe3 h5 31. h4 Qd8 32. Bf3 f4 33. Nxf4 exf4
34. Qxf4 Rf8 35. Qe3 Nxf3+ 36. Rxf3 Qe8 37. Qf2 Rxf3 38. Qxf3 Re6 39. Rf1 Ne5
40. Qf5 Ng4+ 41. Kh3 Ne3 0-1

[Event "Benidorm 2003 - sub2300"]
[Site "Benidorm ESP"]
[Date "2003.11.26"]
[Round "7.79"]
[White "Hernandez Garcia, Maximo"]
[Black "Insa Alfonso, Pablo"]
[Result "1-0"]
[WhiteElo "2015"]
[BlackElo "2105"]
[PlyCount "109"]
[EventDate "2003.11.21"]
[EventType "swiss"]
[EventRounds "9"]
[EventCountry "ESP"]
[Source "lmi"]
[SourceDate "2003.11.21"]

1. Nf3 e6 2. e4 d5 3. e5 c5 4. b4 b6 5. bxc5 bxc5 6. Ba3 f6 7. d4 Nd7 8. Be2
fxe5 9. dxe5 Nh6 10. O-O Nf7 11. Bb5 Qc7 12. Re1 Be7 13. Nc3 Bb7 14. Rb1 O-O
15. Bxd7 Qxd7 16. Ne4 Rac8 17. c4 d4 18. Rb5 Bxe4 19. Rxe4 Qc6 20. Qb1 Rfd8 21.
Re1 Qa8 22. Nd2 Rb8 23. f4 a6 24. Rxb8 Rxb8 25. Qe4 Nd8 26. Qxa8 Rxa8 27. Rb1
g5 28. g3 gxf4 29. gxf4 Kf7 30. Ne4 Rc8 31. Rb6 Kg6 32. Kf2 Kf5 33. Kf3 Nc6 34.
Nd6+ Bxd6 35. exd6 e5 36. d7 e4+ 37. Kf2 Rd8 38. Rxc6 Rxd7 39. Rxc5+ Kxf4 40.
Rd5 Rf7 41. Bd6+ Kg4+ 42. Ke2 Rb7 43. Rxd4 Rb2+ 44. Rd2 Rb7 45. Ke3 Kf5 46. c5
Rb1 47. Rd5+ Ke6 48. Re5+ Kd7 49. Rxe4 Kc6 50. Ra4 Kb5 51. Ra3 Re1+ 52. Kd2 Rg1
53. Rb3+ Kc6 54. Rb6+ Kd5 55. Rxa6 1-0

[Event "Benidorm 2003 - sub2300"]
[Site "Benidorm ESP"]
[Date "2003.11.26"]
[Round "7.80"]
[White "Carrasco Sagredo, Manuel"]
[Black "Coves Sepulcre, Laureano"]
[Result "1-0"]
[WhiteElo "2086"]
[BlackElo "1957"]
[PlyCount "35"]
[EventDate "2003.11.21"]
[EventType "swiss"]
[EventRounds "9"]
[EventCountry "ESP"]
[Source "lmi"]
[SourceDate "2003.11.21"]

1. e4 c5 2. b4 d5 3. exd5 cxb4 4. a3 Nf6 5. Bc4 Nxd5 6. Qf3 e6 7. Bb2 Nc6 8.
Ne2 Qg5 9. h4 Qf5 10. Qxf5 exf5 11. Bxd5 Be6 12. Bxc6+ bxc6 13. axb4 Bxb4 14.
Bxg7 Rg8 15. Be5 Rxg2 16. Bg3 Bd5 17. Nf4 Rxg3 18. Nxd5 1-0

[Event "Benidorm 2003 - sub2300"]
[Site "Benidorm ESP"]
[Date "2003.11.26"]
[Round "7.81"]
[White "Perez Cameselle, Francisco"]
[Black "Vazquez Gonzalez, Jesus"]
[Result "0-1"]
[WhiteElo "2034"]
[BlackElo "2082"]
[PlyCount "122"]
[EventDate "2003.11.21"]
[EventType "swiss"]
[EventRounds "9"]
[EventCountry "ESP"]
[Source "lmi"]
[SourceDate "2003.11.21"]

1. Nf3 g6 2. d4 Bg7 3. g3 Nf6 4. Bg2 O-O 5. O-O d6 6. c4 c6 7. Nc3 Nbd7 8. e4
Qc7 9. h3 e5 10. Be3 h6 11. Qd2 Kh7 12. Rad1 a6 13. dxe5 dxe5 14. Qd6 Ne8 15.
Qxc7 Nxc7 16. Rd2 f5 17. Rfd1 Rf7 18. exf5 gxf5 19. Nh4 Nf6 20. Bb6 Be6 21. b3
Rg8 22. Rd6 Nfe8 23. R6d2 Bf6 24. Kh2 Rfg7 25. Bh1 Kh8 26. Ne2 Bc8 27. Ba5 Ne6
28. Nxf5 Rg6 29. Nd6 Nxd6 30. Rxd6 Ng5 31. Bg2 h5 32. Bc3 h4 33. Rxf6 hxg3+ 34.
fxg3 Rxf6 35. Bxe5 Nh7 36. Rd6 Kg7 37. Nc3 Re8 38. Bxf6+ Nxf6 39. Rd4 Re3 40.
Ne4 Re2 41. Nxf6 Kxf6 42. Rd8 Bf5 43. Kg1 Rxa2 44. Rb8 Ra1+ 45. Kh2 Ra2 46. Kg1
Ra1+ 47. Kf2 Ra2+ 48. Kf3 b5 49. cxb5 cxb5 50. g4 Be6 51. Rb6 Ke5 52. b4 Bd5+
53. Kg3 Bxg2 54. h4 Bd5 55. h5 Rg2+ 56. Kh4 Be6 57. h6 Rxg4+ 58. Kh5 Rg1 59.
Rxa6 Bg4+ 60. Kh4 Kf4 61. Rf6+ Bf5 0-1

[Event "Benidorm 2003 - sub2300"]
[Site "Benidorm ESP"]
[Date "2003.11.26"]
[Round "7.83"]
[White "Alonso Jimenez, Joan"]
[Black "Torras Campdelacreu, Xavier"]
[Result "1/2-1/2"]
[WhiteElo "2072"]
[BlackElo "2052"]
[PlyCount "96"]
[EventDate "2003.11.21"]
[EventType "swiss"]
[EventRounds "9"]
[EventCountry "ESP"]
[Source "lmi"]
[SourceDate "2003.11.21"]

1. Nc3 g6 2. d4 Bg7 3. e4 d6 4. g3 c6 5. a4 Nf6 6. Bg2 O-O 7. Nge2 Nbd7 8. h3
c5 9. O-O cxd4 10. Nxd4 Nc5 11. Re1 Bd7 12. Kh2 a6 13. Bg5 Rc8 14. Ra3 Bc6 15.
b4 Ne6 16. Be3 Nxd4 17. Bxd4 Bd7 18. f4 Nh5 19. Bxg7 Nxg7 20. Re2 Rc4 21. Rb3
Ne6 22. Qd3 b5 23. a5 Nd4 24. Nd5 Nxe2 25. Qxe2 Be6 26. Ne3 Rc7 27. Rb1 Qc8 28.
h4 Bc4 29. Qf3 e6 30. h5 Kg7 31. g4 gxh5 32. g5 f5 33. Qxh5 Kh8 34. exf5 exf5
35. Rd1 d5 36. Bh3 Rcf7 37. g6 Rg7 38. Rg1 Qe8 39. Nxc4 dxc4 40. Bxf5 Qe3 41.
Qg5 Qd2+ 42. Rg2 Qxb4 43. Re2 Qc5 44. Re5 Qf2+ 45. Kh3 Qf3+ 46. Kh2 Qf2+ 47.
Kh3 Qf3+ 48. Kh2 Qf2+ 1/2-1/2

[Event "Benidorm 2003 - sub2300"]
[Site "Benidorm ESP"]
[Date "2003.11.26"]
[Round "7.84"]
[White "Machin Arbelo, Pedro Alexis"]
[Black "Llasera Brufau, Joan"]
[Result "1-0"]
[WhiteElo "2064"]
[BlackElo "2007"]
[PlyCount "105"]
[EventDate "2003.11.21"]
[EventType "swiss"]
[EventRounds "9"]
[EventCountry "ESP"]
[Source "lmi"]
[SourceDate "2003.11.21"]

1. e4 c6 2. d4 d5 3. exd5 cxd5 4. Bd3 Nf6 5. h3 g6 6. Nf3 Nc6 7. c3 Bg7 8. Nbd2
O-O 9. Ne5 Nxe5 10. dxe5 Nd7 11. f4 Nc5 12. Nf3 Nxd3+ 13. Qxd3 Bf5 14. Qb5 Qd7
15. Nd4 Qxb5 16. Nxb5 Be4 17. Rg1 Rfc8 18. g4 a6 19. Nd4 e6 20. Ke2 Rc4 21. Be3
Rac8 22. Nb3 b5 23. Nd2 Ra4 24. b3 Ra3 25. Nxe4 dxe4 26. Bd4 b4 27. c4 Bf8 28.
Ke3 Bc5 29. Rg2 a5 30. Rb1 a4 31. Kxe4 Bxd4 32. Kxd4 Ra8 33. c5 axb3 34. axb3
R3a5 35. Rc2 Rc8 36. c6 Rd5+ 37. Ke4 Rc7 38. Rbc1 Kg7 39. Rc4 Rb5 40. Rd1 Rb6
41. Rd6 h6 42. Kd4 Rb5 43. Rd7 Rxd7+ 44. cxd7 Rd5+ 45. Ke4 Rxd7 46. Rxb4 f6 47.
exf6+ Kxf6 48. Rd4 Rb7 49. b4 Rb5 50. Kd3 e5 51. Re4 exf4 52. Kc4 Rb8 53. Rxf4+
1-0

[Event "Benidorm 2003 - sub2300"]
[Site "Benidorm ESP"]
[Date "2003.11.26"]
[Round "7.88"]
[White "Algaba Traspuesto, Jose Antonio"]
[Black "Amat Tarruella, Albert"]
[Result "1-0"]
[WhiteElo "2028"]
[BlackElo "2003"]
[PlyCount "27"]
[EventDate "2003.11.21"]
[EventType "swiss"]
[EventRounds "9"]
[EventCountry "ESP"]
[Source "lmi"]
[SourceDate "2003.11.21"]

1. d4 Nf6 2. Nf3 g6 3. Nc3 d5 4. Bf4 Bg7 5. h3 O-O 6. Qd2 Re8 7. Bh6 Bh8 8. e4
Nxe4 9. Nxe4 dxe4 10. Ng5 e6 11. Nxe4 Qh4 12. Bf4 c6 13. Bd3 Nd7 14. Bg5 1-0

[Event "Benidorm 2003 - sub2300"]
[Site "Benidorm ESP"]
[Date "2003.11.27"]
[Round "8.1"]
[White "Lacrosse, Marc"]
[Black "Kutuzov, Denis"]
[Result "1/2-1/2"]
[WhiteElo "2255"]
[BlackElo "2249"]
[PlyCount "100"]
[EventDate "2003.11.21"]
[EventType "swiss"]
[EventRounds "9"]
[EventCountry "ESP"]
[Source "lmi"]
[SourceDate "2003.11.21"]

1. d4 b5 2. e4 a6 3. a4 Bb7 4. Nd2 b4 5. Ngf3 e6 6. Bd3 c5 7. c3 bxc3 8. bxc3
cxd4 9. cxd4 Nc6 10. O-O Nb4 11. Bc4 Nf6 12. e5 Nfd5 13. Ne4 Be7 14. Bg5 O-O
15. Bxe7 Qxe7 16. Rc1 Bc6 17. Re1 Nb6 18. Bb3 Bxe4 19. Rxe4 Rfc8 20. Re3 N6d5
21. Bxd5 Nxd5 22. Rb3 Rcb8 23. Rcb1 Qd8 24. g3 a5 25. Qd2 Rb4 26. Ng5 h6 27.
Ne4 Rxa4 28. Nc5 Rb4 29. Nb7 Rxb3 30. Rxb3 Qc7 31. Nc5 Qc6 32. Qb2 Nb4 33. Qa1
Qd5 34. Qa4 Qxd4 35. Nxd7 Ra7 36. Nb8 Qxe5 37. Qe8+ Kh7 38. Nd7 Qe1+ 39. Kg2
Qe4+ 40. Kg1 Kg6 41. Re3 Qb1+ 42. Kg2 Rxd7 43. Qxd7 Qa2 44. Rf3 f6 45. h4 Qd5
46. Qe8+ Kh7 47. h5 Qc4 48. Qg6+ Kh8 49. Qe8+ Kh7 50. Qg6+ Kh8 1/2-1/2

[Event "Benidorm 2003 - sub2300"]
[Site "Benidorm ESP"]
[Date "2003.11.27"]
[Round "8.3"]
[White "Zurmely, Frank"]
[Black "Manea, Alexandru"]
[Result "0-1"]
[WhiteElo "2235"]
[BlackElo "2265"]
[PlyCount "78"]
[EventDate "2003.11.21"]
[EventType "swiss"]
[EventRounds "9"]
[EventCountry "ESP"]
[Source "lmi"]
[SourceDate "2003.11.21"]

1. e4 c5 2. Nc3 d6 3. Nge2 Nc6 4. d4 cxd4 5. Nxd4 Nf6 6. Bc4 Bd7 7. O-O g6 8.
Nxc6 Bxc6 9. Qe2 Bg7 10. Bg5 O-O 11. Rad1 Qc7 12. Bb3 Rae8 13. f4 Nd7 14. f5
Nc5 15. Nd5 Bxd5 16. Bxd5 h6 17. Be3 e6 18. f6 exd5 19. fxg7 Kxg7 20. Qd2 Nxe4
21. Bxh6+ Kh7 22. Qf4 Rh8 23. Rf3 Kg8 24. Rdf1 Rh7 25. g4 Qxc2 26. h4 Qxb2 27.
h5 g5 28. Qf5 Qd4+ 29. Kh1 Kh8 30. Bxg5 Nxg5 31. Qxg5 Rg8 32. Rf4 Qe5 33. Qh4
d4 34. R1f3 d3 35. Re4 d2 36. Rxe5 d1=Q+ 37. Kg2 dxe5 38. Qf6+ Rgg7 39. h6 Qd2+
0-1

[Event "Benidorm 2003 - sub2300"]
[Site "Benidorm ESP"]
[Date "2003.11.27"]
[Round "8.4"]
[White "Agayev, Nidjat"]
[Black "Varas, Carlos"]
[Result "1/2-1/2"]
[WhiteElo "2203"]
[BlackElo "2254"]
[PlyCount "51"]
[EventDate "2003.11.21"]
[EventType "swiss"]
[EventRounds "9"]
[EventCountry "ESP"]
[Source "lmi"]
[SourceDate "2003.11.21"]

1. e4 c5 2. Nc3 e6 3. Nge2 Nc6 4. g3 Nf6 5. Bg2 Be7 6. O-O d6 7. d3 a6 8. f4
Qc7 9. h3 b5 10. g4 h6 11. Ng3 Nd7 12. f5 Bf6 13. Nh5 Bd4+ 14. Kh1 Bb7 15. Ne2
Be5 16. c3 g6 17. fxg6 fxg6 18. Nhf4 Nf8 19. d4 Bg7 20. d5 Nd8 21. dxe6 Ndxe6
22. Nd5 Qd8 23. Qe1 Ra7 24. Qf2 Ba8 25. Be3 Nh7 26. Qg1 1/2-1/2

[Event "Benidorm 2003 - sub2300"]
[Site "Benidorm ESP"]
[Date "2003.11.27"]
[Round "8.5"]
[White "Fenollar Jorda, Manuel"]
[Black "Angel Acosta, Juan Carlos"]
[Result "0-1"]
[WhiteElo "2251"]
[BlackElo "2151"]
[PlyCount "64"]
[EventDate "2003.11.21"]
[EventType "swiss"]
[EventRounds "9"]
[EventCountry "ESP"]
[Source "lmi"]
[SourceDate "2003.11.21"]

1. e4 c5 2. Nf3 Nc6 3. d4 cxd4 4. Nxd4 g6 5. c4 Bg7 6. Be3 Nf6 7. Nc3 Qa5 8.
Nb3 Qc7 9. Be2 d6 10. O-O O-O 11. Rc1 b6 12. a3 Bb7 13. Nd2 Rac8 14. b4 Rfe8
15. f3 e6 16. Bg5 h6 17. Bh4 g5 18. Bf2 Nh5 19. g3 Nf6 20. Re1 Ne7 21. Nb3 Red8
22. Bf1 Ng6 23. a4 Qb8 24. a5 Ba8 25. axb6 axb6 26. Bd4 Ne5 27. Na4 g4 28. fxg4
Bxe4 29. Bxe5 dxe5 30. Qe2 Bd3 31. Qxe5 Bxf1 32. Kxf1 Qa8 0-1

[Event "Benidorm 2003 - sub2300"]
[Site "Benidorm ESP"]
[Date "2003.11.27"]
[Round "8.6"]
[White "Cardenas Valero, Joaquin"]
[Black "Buxade Roca, Guillermo"]
[Result "0-1"]
[WhiteElo "2299"]
[BlackElo "2202"]
[PlyCount "90"]
[EventDate "2003.11.21"]
[EventType "swiss"]
[EventRounds "9"]
[EventCountry "ESP"]
[Source "lmi"]
[SourceDate "2003.11.21"]

1. e4 c5 2. Nc3 Nc6 3. f4 e6 4. Nf3 a6 5. d3 Be7 6. g3 b5 7. Bg2 Bb7 8. O-O b4
9. Ne2 Qb6 10. Be3 Nh6 11. h3 f5 12. c3 O-O 13. Nh2 a5 14. g4 g6 15. gxf5 exf5
16. Ng3 Nd8 17. e5 Bxg2 18. Kxg2 Ne6 19. Ne2 Nf7 20. d4 c4 21. Nf3 Nc7 22. Bf2
Nd5 23. Qc2 Rfc8 24. Rfc1 Nd8 25. Nd2 Ne6 26. Kg3 Qd8 27. Kf3 Bh4 28. Be3 Nxe3
29. Kxe3 d5 30. Kf3 Qf8 31. Rg1 Kh8 32. Qa4 Qh6 33. Qd7 g5 34. Kg2 Rd8 35. Qf7
Rf8 36. Qb7 Rad8 37. Raf1 Rg8 38. Rf3 gxf4+ 39. Kf1 bxc3 40. Rxg8+ Rxg8 41.
bxc3 Qg6 42. Ng3 Bxg3 43. Qxd5 Bh4 44. Ke2 Qg2+ 45. Kd1 Ng5 0-1

[Event "Benidorm 2003 - sub2300"]
[Site "Benidorm ESP"]
[Date "2003.11.27"]
[Round "8.7"]
[White "Ferron Garcia, Carlos"]
[Black "Rosa Cintas, Raul"]
[Result "0-1"]
[WhiteElo "2279"]
[BlackElo "2144"]
[PlyCount "72"]
[EventDate "2003.11.21"]
[EventType "swiss"]
[EventRounds "9"]
[EventCountry "ESP"]
[Source "lmi"]
[SourceDate "2003.11.21"]

1. d4 d5 2. c4 dxc4 3. Nc3 Nf6 4. Bg5 Nd5 5. Qa4+ c6 6. Qxc4 Nxc3 7. Qxc3 Qb6
8. a3 Nd7 9. e4 e5 10. Nf3 exd4 11. Nxd4 Qc5 12. Qd2 g6 13. Be3 Qe7 14. f3 Bg7
15. Be2 O-O 16. O-O Nc5 17. Bh6 Bxh6 18. Qxh6 Be6 19. Qe3 Rfd8 20. Rad1 a5 21.
Qc3 a4 22. Qb4 Qf8 23. Rfe1 Nb3 24. Qc3 Nxd4 25. Rxd4 Bb3 26. Rc1 Rxd4 27. Qxd4
Rd8 28. Qc3 Qd6 29. Bc4 Qd4+ 30. Qxd4 Rxd4 31. Bxb3 axb3 32. Rf1 Rd2 33. Rf2
Rc2 34. Kf1 c5 35. Ke1 Rxf2 36. Kxf2 c4 0-1

[Event "Benidorm 2003 - sub2300"]
[Site "Benidorm ESP"]
[Date "2003.11.27"]
[Round "8.8"]
[White "Madina, Martin"]
[Black "Llavador Moron, Juan Jose"]
[Result "1-0"]
[WhiteElo "2262"]
[BlackElo "2108"]
[PlyCount "73"]
[EventDate "2003.11.21"]
[EventType "swiss"]
[EventRounds "9"]
[EventCountry "ESP"]
[Source "lmi"]
[SourceDate "2003.11.21"]

1. e4 c5 2. Nf3 Nc6 3. Nc3 g6 4. d4 cxd4 5. Nxd4 Bg7 6. Be3 Nf6 7. Bc4 Qa5 8.
Nb3 Qc7 9. O-O O-O 10. f4 d6 11. Kh1 a6 12. Be2 b5 13. Bf3 Bb7 14. Qd2 Rac8 15.
Nd5 Nxd5 16. exd5 Nb8 17. c3 Nd7 18. Rae1 Nf6 19. Bd4 Rfe8 20. f5 a5 21. fxg6
hxg6 22. Qg5 b4 23. Re3 a4 24. Nd2 bxc3 25. bxc3 Ba6 26. Rfe1 Bc4 27. a3 Rb8
28. h4 Rb5 29. Nxc4 Qxc4 30. Be2 Qb3 31. Bxb5 Qxb5 32. Rxe7 Rxe7 33. Rxe7 Nxd5
34. Re1 Nxc3 35. Bxc3 Qxg5 36. hxg5 Bxc3 37. Re4 1-0

[Event "Benidorm 2003 - sub2300"]
[Site "Benidorm ESP"]
[Date "2003.11.27"]
[Round "8.9"]
[White "Bayon Fernandez, Rogelio"]
[Black "De la Cruz Sanchez, C Gustavo"]
[Result "0-1"]
[WhiteElo "2196"]
[BlackElo "2259"]
[PlyCount "74"]
[EventDate "2003.11.21"]
[EventType "swiss"]
[EventRounds "9"]
[EventCountry "ESP"]
[Source "lmi"]
[SourceDate "2003.11.21"]

1. Nf3 Nf6 2. g3 g6 3. c4 Bg7 4. Bg2 O-O 5. O-O d6 6. Nc3 c6 7. d4 Bf5 8. b4
Ne4 9. Bb2 Nxc3 10. Bxc3 Be4 11. Qb3 d5 12. c5 Nd7 13. Rfd1 Qc7 14. a4 Rfb8 15.
Rac1 b6 16. cxb6 axb6 17. Ne5 Bxg2 18. Nxd7 Qxd7 19. Kxg2 Qe6 20. Qc2 h5 21. h4
Rc8 22. Rd3 Qe4+ 23. Kg1 Bh6 24. Bd2 Bg7 25. Be3 Bf6 26. b5 cxb5 27. Qxc8+ Rxc8
28. Rxc8+ Kh7 29. axb5 Bxh4 30. Rc6 Qg4 31. Rxb6 Qxe2 32. Ra3 Bf6 33. Rb8 g5
34. b6 h4 35. b7 h3 36. Raa8 Qd1+ 37. Kh2 Qf1 0-1

[Event "Benidorm 2003 - sub2300"]
[Site "Benidorm ESP"]
[Date "2003.11.27"]
[Round "8.10"]
[White "Tebar Moreno, Juan Carlos"]
[Black "Babataeva, Indira"]
[Result "0-1"]
[WhiteElo "2254"]
[BlackElo "2122"]
[PlyCount "42"]
[EventDate "2003.11.21"]
[EventType "swiss"]
[EventRounds "9"]
[EventCountry "ESP"]
[Source "lmi"]
[SourceDate "2003.11.21"]

1. d4 Nf6 2. c4 g6 3. Nc3 Bg7 4. Nf3 O-O 5. e4 d6 6. h3 Na6 7. Bg5 Qe8 8. Be2
e5 9. d5 Nh5 10. Ng1 Nf4 11. g3 Nxe2 12. Ngxe2 f5 13. f3 fxe4 14. fxe4 Qf7 15.
g4 c6 16. Kd2 cxd5 17. cxd5 Qc7 18. Rc1 Rf3 19. Be3 Bd7 20. Qc2 Raf8 21. Ng1
Rxe3 0-1

[Event "Benidorm 2003 - sub2300"]
[Site "Benidorm ESP"]
[Date "2003.11.28"]
[Round "9.7"]
[White "Rosa Cintas, Raul"]
[Black "Rodriguez Gonzalez, Javier"]
[Result "1/2-1/2"]
[WhiteElo "2144"]
[BlackElo "2249"]
[PlyCount "62"]
[EventDate "2003.11.21"]
[EventType "swiss"]
[EventRounds "9"]
[EventCountry "ESP"]
[Source "lmi"]
[SourceDate "2003.11.21"]

1. d4 d5 2. c4 e6 3. Nf3 Nf6 4. Bg5 Nbd7 5. Nc3 c6 6. e3 Qa5 7. Nd2 dxc4 8.
Bxf6 Nxf6 9. Nxc4 Qc7 10. Be2 Be7 11. O-O O-O 12. Rc1 Bd7 13. Qc2 c5 14. dxc5
Qxc5 15. Ne4 Nxe4 16. Qxe4 Bc6 17. Qe5 Qxe5 18. Nxe5 Bd5 19. Bc4 Rfd8 20. Rfd1
Bxc4 21. Nxc4 Kf8 22. Na5 b6 23. Nc6 Rxd1+ 24. Rxd1 Bf6 25. b4 b5 26. g3 Ke8
27. e4 a6 28. e5 Bd8 29. Rxd8+ Rxd8 30. Nxd8 Kxd8 31. Kg2 Kd7 1/2-1/2

[Event "Benidorm 2003 - sub2300"]
[Site "Benidorm ESP"]
[Date "2003.11.28"]
[Round "9.8"]
[White "Babataeva, Indira"]
[Black "Gonzalez Marrero, Jacob"]
[Result "0-1"]
[WhiteElo "2122"]
[BlackElo "2229"]
[PlyCount "68"]
[EventDate "2003.11.21"]
[EventType "swiss"]
[EventRounds "9"]
[EventCountry "ESP"]
[Source "lmi"]
[SourceDate "2003.11.21"]

1. e4 c5 2. Nf3 e6 3. d4 cxd4 4. Nxd4 Qb6 5. Nb3 Qc7 6. Nc3 a6 7. Qe2 d6 8. Be3
b5 9. f3 Nd7 10. Qf2 Ngf6 11. a3 Be7 12. Be2 Bb7 13. g4 h6 14. Bd4 e5 15. Be3
d5 16. exd5 Nxd5 17. Nxd5 Bxd5 18. Bd3 Bg5 19. Bf5 Bxe3 20. Qxe3 O-O 21. O-O-O
Nb6 22. Na5 Rad8 23. Be4 Rfe8 24. Kb1 Ba8 25. h4 Nd5 26. Bxd5 Bxd5 27. Nb3 Qc6
28. Rhf1 Rc8 29. Rf2 Qa8 30. h5 f6 31. Nd2 Red8 32. f4 Qc6 33. Nb3 exf4 34.
Rxf4 Qxc2+ 0-1